Gyergyószárhegyi látogatások

Elmentve itt :
Bibliográfiai részletek
Szerző: DÓCZY Pál
Adatforrás:Meister
Forrásdokumentuma:A Hét. -
30 sz., 1993, 4 p.
Nyelv:magyar
Kulcsszavak:művelődéstörténet
kisebbségtörténet
műemlékek
kastélyok-udvarházak
műemlékvédelem
Gyergyószárhegy
ZÖLD Lajos
Lázár kastély (Gyergyószárhegy}
LEADER 00574nab a2200205 i 4500
001 bibPRO00005458
008 060524s1993 xx hun
040 |a Sz1 
041 |a hun 
100 1 |a DÓCZY Pál 
245 1 0 |a Gyergyószárhegyi látogatások  |c DÓCZY Pál 
695 |a művelődéstörténet 
695 |a kisebbségtörténet 
695 |a műemlékek 
695 |a kastélyok-udvarházak 
695 |a műemlékvédelem 
695 |a Gyergyószárhegy 
695 |a ZÖLD Lajos 
695 |a Lázár kastély (Gyergyószárhegy} 
773 0 |t A Hét. -  |g 30 sz., 1993, 4 p.